00801nam a2200217 a 450000100060000000300080000600500170001400800410003103500510007204000310012304100080015408200220016210000620018424501610024625000160040726000440042330000340046750400200050165000310052165100310055227169BD-RjUL20211209051124.0140324s19611945ii ab 001 0deng d aOCLC ocm01459297 from D950923Ma(BD-RjUL)27240 aRIUdBD-RjULbengcBD-RjUL aeng a954.02bHAF 19611 aHabibullah, A. B. M.q(Abul Barkat Muhammud),d1911-1984.14aThe foundation of Muslim rule in India :ba history of the establishment and progress of the Turkish Sultanate of Delhi, 1206-1290 A.D /cA.B.M. Habibullah. a2d. rev. ed aAllahabad :bCentral Book Depot,c1961. axvii, 389 p. :bill. ;c23 cm aIncludes index. aDelhi (Sultanate) History 0aDelhi (Sultanate)xHistory